| 000 | 00919nam a2200253 a 4500 | ||
|---|---|---|---|
| 003 | AR-BaBNM | ||
| 005 | 20251128204017.0 | ||
| 008 | 082120s2002 ||||||||||||||000 | spa|| | ||
| 040 | _cAR-BaBNM | ||
| 110 | 1 |
_aVenezuela _bMinisterio de Educación _bDirección de Educación Secundaria, Superior y Especial |
|
| 245 | 0 | 0 | _aManual del director para planteles de educación secundaria |
| 250 | _a2ª ed. | ||
| 260 |
_aCaracas _bEdiciones Fotal _c1967 |
||
| 300 |
_a447 p. _btablas |
||
| 500 | _aLa Dirección de Educación Secundaria, Superior y Especial y el Instituto de Mejoramiento Profesional del Magisterio de Caracas convinieron en la impresión de este libro | ||
| 650 | 4 | _aORGANIZACION DE LA EDUCACION | |
| 650 | 4 | _aORGANIZACION ESCOLAR | |
| 650 | 4 | _aROL DEL DOCENTE | |
| 650 | 4 | _aSUPERVISION DE LOS DOCENTES | |
| 651 | 4 | _aVenezuela | |
| 653 | _aEDUCACION SECUNDARIA | ||
| 942 | _cBK | ||
| 998 | _cSILVI | ||
| 999 |
_c5804 _d5804 |
||